| 000 | 00383 a2200145 4500 | ||
|---|---|---|---|
| 040 |
_aDLC _bDLC |
||
| 082 | _a620.104 | ||
| 100 | _aBedford, A.nthony. | ||
| 245 |
_aDynamic : engineering mechanics _cA.nthony. Bedford |
||
| 260 |
_aRawalpindi _bNational Book Foundation _c1994 |
||
| 300 |
_a551p. _bill. _c24 cm |
||
| 500 | _aindex | ||
| 650 | _aDynamics. | ||
| 942 |
_cBK _k520.104 BED _2ddc |
||
| 999 |
_c8475 _d8475 |
||